Ocean's 8 Cast - Statistics

General Stats
  • This quiz has been taken 21 times
  • The average score is 7 of 11
Answer Stats
Character Actor % Correct
Nine Ball Rihanna
100%
Debbie Ocean Sandra Bullock
100%
Daphne Kluger Anne Hathaway
90%
Lou Cate Blanchett
90%
Constance Awkwafina
85%
Rose Weil Helena Bonham Carter
80%
Tammy Sarah Paulson
70%
Amita Mindy Kaling
60%
John Frazier James Corden
35%
Reuben Elliot Gould
20%
Yen Shaobo Qin
10%
No matching quizzes found
Score Distribution
Percent of People with Each Score
Percentile by Number Answered
Your Score History
You have not taken this quiz